Регионална библиотека "Любен Каравелов" - Русе

Събрани приказки и разкази (Запис номер 330161)

MARC детайли
000 -Лидер
Контролно поле с фиксирана дължина 01539nam a2200313 a 4500
003 - Код на организацията, давaща контролен номер
Контролно поле BLK
005 - Дата и час на последна редакция
Контролно поле 20241009005432.0
008 - Елементи от данни с фиксирана дължина
fixed length control field 190411b bu |||||r|||| 00| 0 bu d
020 ## - Международен стандартен номер на книга ISBN
Международен стандартен номер на книга ISBN 9786191642762
Поясняваща информация подв.
040 ## - Източник на каталожния запис
Идентификатор на билиотеката - собственик на записа BLK
041 ## - Код за език
Код за езика на текст/звукозапис или на отделно заглавие Български
Код за езика КДБФ Български
080 ## - УДК
Текстов определител УДК Датска литература
УДК код - определител по УДК 821.113.4
УДК определител -34
УДК - код + определител 821.113.4-34
080 ## - УДК
Текстов определител УДК Датска литература
УДК код - определител по УДК 821.113.4
УДК определител -32
УДК - код + определител 821.113.4-32
100 ## - Редна дума - Автор
Автор Андерсен, Ханс Кристиан
Дати, свързани с автора 1805 - 1875
R(LIN) 363318
139 ## - Редно поле
Редна дума Андерсен, Ханс Кристиан
Авторски знак Анд - А 65
245 ## - Сведения за заглавието
Заглавие Събрани приказки и разкази
Редно поле (дума) Ханс Кристиан Андерсен ; ил. Вилхелм Педерсен, Лоренц Фрьолих ; прев. от дат. Петър Милков Петров
Том Т. 2
250 ## - Област на изданието
Сведения за изданието 2 изд.
260 ## - Област на издателските данни
9 (RLIN) 215899
Място на издаване, разпространение и проч. София
Име на издателя, разпространителя и проч. Enthusiast
Година на издаване 2018
Печатница Велико Търново: Абагар
300 ## - Физическа характеристика
Страници 424 с.
Илюстрации и др. с ил.
Размери/Мащаб 24 см
380 ## - Жанр
Жанр Детска худож. лит.
500 ## - Общи забележки
Забележка Ориг. загл.: Samlede eventyr og historier / Hans Christian Andersen. - 1. изд. 1997 на изд. Бълг. художник. - Enthusiast - запазена марка на Алто комюникейшънс анд пъблишинг.
700 ## - Други автори (авторска отговорност)
9 (RLIN) 273296
Лично име Педерсен, Вилхелм
Автороска отговорност (Описва отношението между автора и произведението) ил.
700 ## - Други автори (авторска отговорност)
9 (RLIN) 263508
Лично име Петров, Петър Милков
Автороска отговорност (Описва отношението между автора и произведението) прев. от дат.
852 ## - Местоположение
Форматна сигнатура Цб 294426
999 ## - СИСТЕМНИ КОНТРОЛНИ НОМЕРА
Koha biblionumber 330161
Koha biblioitemnumber 330161
942 ## - АРТИКУЛИ
Вид на библиотечния материал Книги
Скрит в OPAC Не
944 ## - СЪЗДАВАНЕ И РЕДАКЦИЯ на ЗАПИСА
Създаване/Редакция Създаване
Дата на регистрацията/редакция 2019-04-11
Служител, извършил регистрацията/редакцията
Статус, дата на статуса CRON CRON
999 ## - СИСТЕМНИ КОНТРОЛНИ НОМЕРА
Koha biblioitemnumber 330161
999 ## - СИСТЕМНИ КОНТРОЛНИ НОМЕРА
Koha biblioitemnumber 330161
Наличности
Код за отписване Код за изгубен артикул Източник на класификационната схема Код за повреда Коз за рестрикции Код за отдаване Артикулен № Име на библиотеката - собственик Име на библиотеката, в която се намира в момента Статус (Текущо местоположение) Дата на вписване в системата Местоположение - отдел Цена в лева Систематично азбучна сигнатура Баркод Цена в евро Служебен тип на артикула
  Не е изгубен Universal Decimal Classification Не е повреден без рестрикции ползва се в читалня 701386 Регионална библиотека "Любен Каравелов" Русе Регионална библиотека "Любен Каравелов" Русе Хранилище 2019-04-16 Хранилище 28.00 Цб 294426 120000831315 14.32 Книги
Vip Innovations Ltd, Rousse, Bulgaria 2025